000 00542nam a2200145Ia 4500
008 151213s9999 xx 000 0 und d
100 _aমোয়জ্জেম হোসেন আলমগীর
245 _aমণোতত্ত্ব
_cমোয়জ্জেম হোসেন আলমগীর
260 _aঢাকা
_bসমুক্তদেশ
_c2007
300 _a6908 p.
650 _aBangla
650 _aবিঞ্জান
700 _aমোয়জ্জেম হোসেন আলমগীর
999 _c3704
_d3704